MDQL
is popping MORE tags! Check the
thread
!
Quizzes
Events
Quiz Creation
Community
Videos
Private Events
Remove Ads
Sign In
Join for FREE
Feedback
Dark Mode
Quiz Categories
Sports
Geography
Music
Movies
Television
Just For Fun
Miscellaneous
History
Literature
Language
Science
Gaming
Entertainment
Religion
Holiday
For Kids
Quiz Lab
Recent
Popular Today
Quiz Kudos Today
Editor Picks
Curator Picks
Quizzes by...
Day
Popularity
Type
Ratings
Length
Year
Community
Subscriptions
Recent Discussions
Orange Saloon
Badges
Playlists
Quests
Create
Leaderboards
Showdown
Live 5
Trivia Bingo
Activity
Puzzle Library
Sporcle Events
Private Events
Virtual Trivia
Globe League
Become a Host
Pub Owners
SporcleCon
Opinionation
Our Games
Videos
Blog
Mobile Apps
Partnerships
Remove Ads and Go Orange
Feedback
Movies
Disney
Marvel Cinematic Universe
Movie Resume
Movie Titles
Oscar
Actor
Actress
Director
Pixar
Role
Movie Quotes
Movie Characters
Box Office
Nominee
Best Picture
Star Wars
James Bond
Horror Movies
Movies
Disney
Marvel Cinematic Universe
Movie Resume
Movie Titles
Oscar
Actor
Actress
Director
Pixar
Role
Movie Quotes
Movie Characters
Box Office
Nominee
Best Picture
Star Wars
James Bond
Horror Movies
Random Quiz
Search Sporcle
×
Quiz Lab
Quiz Lab
Movies
Director
Type in answers that appear in a list
Type in answers that appear in a list
Classic
Best Score? Go Orange.
Name that Director Stats
Can you name the Director based on the movies he/she has directed?
By
Paza1354
5m
20 Questions
193 Plays
193 Plays
193 Plays
Comments
Comments
Give Quiz Kudos
Give Quiz Kudos
-
- Ratings
hide this ad
Replay
Link that replays current quiz
Next Quiz
Link to next quiz in quiz playlist
You Got
0%
They Got
Avg Score
89%
Avg Friend Score
Upgrade to see
Score Distribution
Jump to the score distribution portion of the page
Score
0/20
Timer
05:00
0
Plays Today
Films directed...
...by this Director
% Correct
The Lovely Bones, King Kong, The Lord of the Rings
Peter Jackson
99.5%
Munich, Minority Report, Saving Private Ryan
Steven Spielberg
99%
Terminator, Titanic, Avatar
James Cameron
99%
Invictus, Letters from Iwo Jima, Million Dollar Baby
Clint Eastwood
99%
Vertigo, The Man Who Knew Too Much, Psycho
Alfred Hitchcock
98.4%
Star Wars: Episode IV, I, II, III
George Lucas
97.9%
The Aviator, Raging Bull, Goodfellas
Martin Scorsese
97.4%
Reservoir Dogs, Pulp Fiction, Inglourious Basterds
Quentin Tarantino
96.9%
Memento, The Dark Knight, Inception
Christopher Nolan
94.8%
American Gangster, Black Hawk Down, Gladiator
Ridley Scott
92.2%
Films directed...
...by this Director
% Correct
The Godfather: Part I, II, III, Apocalypse Now
Francis Ford Coppola
91.2%
Apollo 13, The Da Vinci Code, Cinderella Man
Ron Howard
90.7%
Enemy of the State, Man on Fire, The Taking of Pelham123
Tony Scott
87%
Back to the Future, Forrest Gump, Cast Away
Robert Zemeckis
86.5%
The Cable Guy, Zoolander, Tropic Thunder
Ben Stiller
80.3%
Point Break, The Hurt Locker
Kathryn Bigelow
80.3%
Erin Brockovich, Ocean's Eleven, Solaris
Steven Soderbergh
79.8%
Jarhead, The Road to Perdition, American Beauty
Sam Mendes
79.3%
The Shawshank Redemption, The Green Mile
Frank Darabont
72.5%
The Silence of the Lambs, Philadelphia, The Manchurian Candidate
Jonathan Demme
72%
Quiz Playlist
Details
Report
Send in Message
Add To Playlist
Classic:
Type in answers that appear in a list
Last Updated: Feb 16, 2017
Quiz Scoreboard
CHALLENGE
Sign Up to Join the Scoreboard
Show All
Scores
Hide
Comments
May contain spoilers
Recently Published
Holiday 10x10 Sorting Gallery
by lukepisani3
Holiday
15m
Two Season TV Shows II
by 123Four
Television
10m
Image Sorting: Flags VI
by Barbecue
Geography
2m
More to Explore
Quiz From the Vault
Featured Blog Post
14 Easter Pick-up Lines to Find Eggs With
hide this ad
You Might Also Like...
Tags
Director Quiz
Today's Top Quizzes in Movies
Browse Movies
hide this ad
Today's Top Quizzes in Director
Browse Director
Top Contributed Quizzes in Movies
1
The ultimate James Bond movie quiz
2
Find The 'Big' Movie
3
Find The 'Wild' Movie
4
Find The 'Blue' Movie
5
Movies By Plot
6
Hidden Star Wars Character II
7
Hidden Star Wars Character III
8
😉 2024 Oscar Nominees by Emoji
9
Hidden Star Wars Character IV
10
25 Best Actor Nominees (1990s)
Explore More
Trending Topics
Harry Potter
NBA
Marvel
Kpop
Disney
Anime
Crossword
Pokémon
Song
Puzzle
WWE
The Office
Soccer
NFL
Country
hide this ad
More By:
Paza1354
Quiz
Plays
Rating
Category
Featured
Created
Movie Maths
512
4.00
Movies
Dec 16, 2010
Name that actor chain
317
2.50
Movies
Dec 12, 2010
Name that Director
193
3.60
Movies
Dec 13, 2010
Name that Actor
180
1.33
Movies
Nov 26, 2010
guess the actor's name
156
5.00
Movies
Dec 17, 2010
Go to Creator's Profile
Score Distribution
Quiz Creator Spotlight
Paza1354
Follow
Send a Message
Quizzes Created
-
Created Quiz Play Count
-
More By This Creator
Popular Quizzes Today
1
Find the US States - No Outlines Minefield
2
Colored Red Africa Blitz
3
Find the 'City' Movie
4
The Countries of the World
5
Find the US States
6
5x2 Blitz: Bands
7
Find the Countries of Europe - No Outlines Minefield
8
US States
More Movies Quizzes
🎬 50 '_____ With _____' Movies
Editor's Pick
Trending Quizzes
Colored Red Europe Blitz I
Colored Red Europe Blitz II
Colored Red Africa Blitz II
Colored Red Europe Blitz III
Colored Red Africa Blitz III
Recently Updated
Odd Team Out - Big 4 Players
pecheneg
Quick Pick: 20 Twenties
pecheneg
March Madness Men's Triple Doubles
pecheneg
How Do You Spell That?
pecheneg
Godzilla Movies
pecheneg
Grab Bag: 4-10 Letters
pecheneg
2024 March Madness Bracket
pecheneg
Famous TV Couples
Peacemaker
Champions League XIs: Real Madrid
pecheneg
Largest US Cities 1790-2010
pecheneg
Trending Topics
Anime
Kpop
Crossword
NBA
Harry Potter
Marvel
Disney
Pokémon
Soccer
Country
WWE
NFL
Puzzle
Song
The Office
Your Account Isn't Verified!
In order to create a playlist on Sporcle, you need to verify the email address you used during registration. Go to your
Sporcle Settings
to finish the process.
Report this User
Report this user for behavior that violates our
Community Guidelines
.
Details:
Send Report
Go to the Sporcle.com Mobile Site →
Comments